| 000 | 01584cam a2200337 i 4500 | ||
|---|---|---|---|
| 005 | 20260322212042.0 | ||
| 008 | data | ||
| 010 | _a 74022002 | ||
| 020 | _a0470221550 | ||
| 020 | _a9780470221556 | ||
| 040 |
_aDLC _cDLC _dCtY |
||
| 043 | _an-us--- | ||
| 050 | 0 |
_aHQ796 _b.A3326 |
|
| 060 | _aWS462 A233 1973 | ||
| 096 | _aWS 462 D784a 1975 | ||
| 245 | 0 | 0 |
_aAdolescence in the life cycle : _bpsychological change and social context / _cedited by Sigmund E. Dragastin, Glen H. Elder & National Institute of Child Health and Human Development (U.S.). |
| 260 | 0 |
_aNew York : _bdistributed by Halsted Press, _aNew York : _bdistributed by Halsted Press, _c1975. |
|
| 300 |
_axi, 324 p. : _bill. ; _c24 cm. |
||
| 500 | _aPapers originally prepared for a research conference sponsored by the Growth and Development Branch, National Institute of Child Health and Human Development and held Oct. 2-5, 1973, Hunt Valley, Md. | ||
| 504 | _aIncludes bibliographical references and index. | ||
| 590 | _aPapers originally prepared for a research conference sponsored by the Growth and Development Branch, National Institute of Child Health and Human Development and held Oct. 2-5, 1973, Hunt Valley, Md. | ||
| 650 | 0 | _aAdolescence. | |
| 650 | 0 | _aAdolescent psychology. | |
| 650 | 0 | _aMaturation (Psychology) | |
| 650 | 2 |
_aAdolescence _vCongresses. |
|
| 650 | 2 |
_aAdolescent Psychology _vCongresses. |
|
| 700 | 1 | _aDragastin, Sigmund E. | |
| 700 | 1 | _aElder, Glen H. | |
| 710 | 2 |
_aNational Institute of Child Health and Human Development (U.S.). _bGrowth and Development Branch. |
|
| 001 | data | ||
| 999 |
_c990 _d990 |
||